Born in Rugby - Statistics

General Stats
  • This quiz has been taken 5 times
  • The average score is 5 of 6
Answer Stats
Hint Answer % Correct
Singer, "You Give Me Something" "I Won't Let You Go" "Broken Strings" 1984 James Morrison
100%
Judoka and winner of two Olympic medals 1958 Neil Adams
100%
Poet, "The Soldier" 1887 Rupert Brooke
80%
First woman to commentate on sport for the BBC 1899 Marjorie Pollard
60%
Discoverer of the gas helium 1836 Norman Lockyer
60%
Actor, "V for Vendetta" "Quantum of Solace" "King Charles III" 1946 Tim Pigott-Smith
60%
No matching quizzes found
Score Distribution
Percent of People with Each Score
Percentile by Number Answered
Your Score History
You have not taken this quiz